Real Academia de Bellas Artes de San Fernando (Record no. 9)
[ view plain ]
| 000 -LEADER | |
|---|---|
| campo de control de longitud fija | 01046nas a2200313 i 4500 |
| 001 - NÚMERO DE CONTROL | |
| campo de control | 9 |
| 003 - IDENTIFICADOR DE NÚMERO DE CONTROL | |
| campo de control | ES-MaACL |
| 005 - FECHA Y HORA DE LA ÚLTIMA TRANSACCIÓN | |
| campo de control | 20250814062525.0 |
| 007 - CAMPO FIJO DE DESCRIPCIÓN FÍSICA--INFORMACIÓN GENERAL | |
| campo de control de longitud fija | t| |
| 008 - DATOS DE LONGITUD FIJA--INFORMACIÓN GENERAL | |
| campo de control de longitud fija | 950801c1876 sp a|y | ||pa d |
| 022 ## - NÚMERO INTERNACIONAL NORMALIZADO PARA PUBLICACIONES SERIADAS | |
| Número Internacional Normalizado para Publicaciones Seriadas | 1575-1015 |
| 080 ## - NÚMERO DE LA CLASIFICACIÓN DECIMAL UNIVERSAL | |
| Número de la Clasificación Decimal Universal | 7:061.22(460) |
| 080 ## - NÚMERO DE LA CLASIFICACIÓN DECIMAL UNIVERSAL | |
| Número de la Clasificación Decimal Universal | 058 |
| 110 2# - ENTRADA PRINCIPAL--NOMBRE DE ENTIDAD CORPORATIVA | |
| Nombre de entidad corporativa o nombre de jurisdicción como elemento de entrada | Real Academia de Bellas Artes de San Fernando. |
| 9 (RLIN) | 6291 |
| 245 10 - MENCIÓN DEL TÍTULO | |
| Título | Real Academia de Bellas Artes de San Fernando |
| Resto del título | : [anuario]. |
| 246 13 - FORMA VARIANTE DEL TITULO | |
| Título propio/Titulo breve | Anuario de la Real Academia de Bellas Artes de San Fernando |
| 246 13 - FORMA VARIANTE DEL TITULO | |
| Título propio/Titulo breve | Anuario de la Academia de Bellas Artes de San Fernando |
| 260 ## - PUBLICACIÓN, DISTRIBUCIÓN, ETC. | |
| Lugar de publicación, distribución, etc. | Madrid : |
| Nombre del editor, distribuidor, etc. | Real Academia de Bellas Artes de San Fernando, |
| Fecha de publicación, distribución, etc. | [1876- |
| 300 ## - DESCRIPCIÓN FÍSICA | |
| Extensión | 26 v. ; |
| Dimensiones | 11 y 12 cm. |
| 310 ## - PERIODICIDAD ACTUAL | |
| Periodicidad actual | Anual |
| 362 0# - FECHAS DE PUBLICACIÓN Y/O DESIGNACIÓN SECUENCIAL | |
| Fecha de publicación y/o designación secuencial | 1877- |
| 610 24 - PUNTO DE ACCESO ADICIONAL DE MATERIA--NOMBRE DE ENTIDAD CORPORATIVA | |
| Nombre de entidad corporativa o nombre de jurisdicción como elemento de entrada | Real Academia de Bellas Artes de San Fernando. |
| 9 (RLIN) | 6291 |
| 650 #4 - PUNTO DE ACCESO ADICIONAL DE MATERIA--TÉRMINO DE MATERIA | |
| Término de materia o nombre geográfico como elemento de entrada | Instituciones científicas y diversas |
| 9 (RLIN) | 13829 |
| 655 #7 - TERMINO DE INDIZACIÓN--GENERO/FORMA | |
| Fuente del término | tgfbne |
| 9 (RLIN) | 226822 |
| Datos o término principal de género/forma | Anuarios |
| 852 ## - LOCALIZACIÓN | |
| Ubicación | ES-MaACL |
| Número de control de estantería | Hem-862 |
| 866 #0 - MENCIÓN TEXTUAL DE FONDOS--UNIDAD BIBLIOGRÁFICA BÁSICA | |
| Fondos | 1885-1894,1897,1899-1900,1902-1905,1907,1909,1912-18,1946, 1997 |
| 942 ## - ELEMENTOS DE ENTRADA SECUNDARIOS (KOHA) | |
| Fuente del sistema de clasificación o colocación | Clasificación decimal universal |
| Estatus retirado | Estado de pérdida | Estado de daño | No para préstamo | Colección | Biblioteca de origen | Biblioteca actual | Ubicación en estantería | Fecha de adquisición | Fuente de adquisición | Total de préstamos | Signatura topográfica completa | Código de barras | Visto por última vez | Precio de reemplazo | Tipo de ítem Koha |
|---|---|---|---|---|---|---|---|---|---|---|---|---|---|---|---|
| Periódicos y Revistas | Biblioteca del Ateneo de Madrid | Biblioteca del Ateneo de Madrid | Depósito 1 | 17/01/2008 | Hem-862 | 1000009 | 23/02/2023 | 23/02/2023 | Revista |
